Religion Quiz

Random Religion Quiz
Score 0/51 Timer 10:00
0 Plays Today
Hint Monster/Creature/Being % Correct
A creature that turns into a wolf during full moonsWerewolf
98.3%
Celestial beings that live in the HeavensAngel
98.3%
Beings like come from Hell or other worlds of evil and tormentDemon
95.7%
Undead demonic creature that drinks blood Vampire
94.8%
People that pratice magic and sorceryWitch
91.3%
The essence of a deceased individualGhost
88.7%
Reanimated corpse hungry for fleshZombie
86.1%
Giant flying serpent that breaths fire, and has a appetite for virginsDragon
80.9%
A monster that takes the form of a beautiful women who seduces men to kill themSiren
80%
A giant supernatural bird that lives for 600 years then sets itself on fire to be rebornPhoenix
77.4%
A mythical horse with a horn on its headUnicorn
74.8%
A cannibalistic monster that feeds on human fleshWendigo
73%
Evil creatures that feed on human flesh, especially on that of corpsesGhoul
73%
Beings that kidnap children and replace themChangeling
68.7%
Spirits that grant wishes, and influences humans for good or evilDjinn
68.7%
A supernatural human who can shapeshift into any animalSkinwalker
65.2%
The being that takes souls to different realms after they dieReaper
62.6%
A person who is half human, and half godDemigod
60.9%
A vampiric-witch creature that sucks the life essence from humans, mainly childrenShtriga
60.5%
Spirit creatures that wail or scream when somebody is about to dieBanshee
60.5%
A supernatural being that possesses magical powers and are prankstersFairy
58.3%
A creature that will appear as a person that is going to dieWraith
57.9%
Supernatural beings that take the form of a dog, they usually watch over the gateways to different underworldsHellhound
57.4%
A giant serpent that if you cut off one head, two more grow backHydra
54.8%
A monster thats half man, and half bullMinotaur
54.8%
A creature that resembles a fox that can shapeshiftKitsune
54.3%
Hint Monster/Creature/Being % Correct
A little creature that takes the form of a small manLeprechaun
53.9%
Evil creatures that have been cursed to eat human fleshRugaru
53.2%
A fabled monster usually having the head and wings of a eagle, and a body of a lionGriffin
53%
A monsterous creature that's part spider and part womenArachne
52.2%
Spirit-like monsters that lurk in breweries and other alcohol-filled placesShojo
47.8%
Disgusting monsters that sleep on a bed of dead insects, and feast on human fleshRakshasa
46.1%
Creatures that have the head of a women and a lions bodySphinx
45.2%
Evil supernatural beings that feed off human soulsSoul Eater
44.7%
A filthy monster that has the birds body and a womens headHarpy
44.3%
Evil monsters that pretend to be lost children to lure unsuspecting victimsCrocotta
44.2%
Supreme Beings that are part of a pantheon or a religionDeity
43.5%
Parasitic monsters that feed on human bodily fluidsPishtaco
43.5%
Monsters that live in caves or forests that terrorize townsfolkTroll
42.6%
A sea monster that wrecks havic on shipsKraken
42.6%
Grotesque sprite that is malevolent towards peopleGoblin
37.4%
A evil spirit that usually works for witches or deitiesImp
35.8%
A creature that lures children to suck their bloodLamia
34.8%
A monster that is a cousin of the vampireNachzehrer
34.2%
Monsters that are a cousin of the djinn, they can be controlled with whoever has their heartQareen
34.2%
A monster that is made out of smokeEnenra
33%
Evil horse-like monsters that live in lakes, and consume unsuspecting humansKelpie
32.9%
Supernatural creatures that live in bodies of water and like to eat childrenKappa
31.9%
Evil monsters that eat human flesh and drink their blood, another cousin of the vampireVetala
31.6%
Supernatural creatures that are cousins of werewolvesOkami
30.3%
Bird-like monsters that like to eat human flesh, especially the liverAswang
26%
Remove Ads.
Support Sporcle.
Get the best of Sporcle when you Go Orange. This ad-free experience offers more features, more stats, and more fun while also helping to support Sporcle. Thank you for becoming a member.

You're not logged in!

Compare scores with friends on all Sporcle quizzes.
OR
Log In

Show Comments

Extras

Created Sep 14, 2017ReportNominate
Tags:Supernatural

Top Quizzes Today


Score Distribution

Your Account Isn't Verified!

In order to create a playlist on Sporcle, you need to verify the email address you used during registration. Go to your Sporcle Settings to finish the process.

Report this User

Report this user for behavior that violates our Community Guidelines.

Details: